000 00243nam a2200097Ia 4500
001 653621
005 20250826154501.0
008 250824s9999 xx 000 0 und d
245 0 _aARTIK GÜLSEM DE GAM YEMEM
_cMİNE SOTA
260 _bGENÇ TİMAŞ
999 _c653621
_d653621